00741nam a22002531i 4500001001000000003000900010005001700019008004100036016001600077035000600093040002200099080000600121100003300127245004600160260004400206300001900250490002500269830002400294942001200318945002700330952010300357956001200460999001500472 01192380DO-SdBNP20180205134708.0930725s1979 cu spa 7 a z 2BPMSU a  aBPMSUbspacBPMSU 0a 1 aMistral, Gabrielad1889-195710aRondas y cuentos /h cGabriela Mistral  aLa Habana : bArte y Literatura, c1979 a36 p.: c18 cm0 a "Caracol" Poesía a "Caracol" Poesía 2ddccBK aInventariado, 2018/ YL 00102ddc40708CGaBPMETbBPMETd2016-04-14eFUNDIl0pBPMSU16040470r2016-04-14w2016-04-14yBK adgarcia c9794d9794